| 000 | 00853 a2200205 4500 | ||
|---|---|---|---|
| 999 |
_c5777 _d5777 |
||
| 020 | _a9781780644639 (alk. paper) | ||
| 050 | 0 | 0 | _aQC903 CLI 2015 |
| 245 | 0 | 0 |
_aClimate change challenges and adaptations at farm-level : _bcase studies from Asia and Africa / _cedited by Naveen P. Singh, Cynthia Bantilan, Kattarkandi Byjesh and Swamikannu Nedumaran (International Crops Research Institute for the Semi-Arid Tropics, Patancheru, Hyderabad, India). |
| 264 | 1 |
_aBoston, MA : _bCABI, _c2015. |
|
| 300 |
_a232p.: _bill. |
||
| 500 | _aIncludes index | ||
| 504 | _aIncludes bibliographical references and index. | ||
| 650 | 0 | _aClimatic changes | |
| 650 | 0 | _aClimatic changes | |
| 650 | 0 | _aClimate change mitigation | |
| 650 | 0 | _aClimate change mitigation | |
| 700 | 1 |
_aSingh, N. P. _q(Naveen P.), _eeditor. |
|
| 942 |
_2lcc _cBK _h903 _iCLI _kQC |
||